Shadowman (2018) #9 /

Every family has skeletons in their closet...but these ones are ready to kill! As Jack Boniface and Alyssa Miles hunt for the remains of Master Darque, their search brings them to the enchanted home of his sorceress sister - none other than Sandria Darque herself! Face to unearthly face with the...

Full description

Bibliographic Details
Corporate Author: Library Pass, LLC
Other Authors: Diggle, Andy (writer.)
Format: eBook
Language:English
Published: [United States] : Valiant Entertainment, 2022.
Subjects:
Online Access:Connect to this electronic book (First time users create your free account)

MARC

Tag First Indicator Second Indicator Subfields
LEADER 00000nmm a22000001a 4500
001 in00004615021
006 m|||||o||m||||||||
007 cr|cn |||uuuuu
008 221118s2022 xxu||||eo|||| ||||||eng d
005 20221207214651.6
035 |a (TxWaIVM)IV86296VaSh 
040 |a TxWaIVM  |c TxWaIVM 
245 0 0 |a Shadowman (2018) #9 /  |c powered by Library Pass. 
260 3 |a [United States] :  |b Valiant Entertainment,  |c 2022. 
300 |a 1 online resource. 
336 |a text  |b txt  |2 rdacontent 
337 |a computer  |b c  |2 rdamedia 
338 |a online resource  |b cr  |2 rdacarrier 
520 |a Every family has skeletons in their closet...but these ones are ready to kill! As Jack Boniface and Alyssa Miles hunt for the remains of Master Darque, their search brings them to the enchanted home of his sorceress sister - none other than Sandria Darque herself! Face to unearthly face with the sorceress responsible for binding his fate to that of the deadly shadow loa, Jack now stands at a crossroads... Will he achieve his greatest desire and free himself from the monster within? Renowned writer Andy Diggle (Green Arrow: Year One) delivers a powerful portent of horror as "RAG AND BONE" creaks onward, gorgeously rendered by artist Renato Guedes (BLOODSHOT SALVATION)! 
521 |a 4 
538 |a Requires a valid library card and registration for new users. 
538 |a Mode of access: World Wide Web. 
538 |a System requirements: Flash 10.1 or higher, Windows XP and higher, Internet Explorer 7 and higher, Firefox 3.6 and higher, Google Chrome; Max OS 10.5 and higher, Safari 4 and higher. 
650 0 |a Comic books, strips, etc. 
655 7 |a Electronic books.  |2 local 
655 7 |a Comic books, strips, etc.  |2 gsafd 
650 0 |a Horror comic books, strips, etc. 
655 7 |a Horror comic books, strips, etc.  |2 gsafd 
650 0 |a Comic books, strips, etc. --Superheroes 
655 7 |a Comic books, strips, etc. --Superheroes  |2 gsafd 
650 0 |a Fantasy comic books, strips, etc. 
655 7 |a Fantasy comic books, strips, etc.  |2 gsafd 
700 1 |a Diggle, Andy.  |e writer. 
700 1 |a Guedes, Renato.  |e artist. 
710 2 |a Library Pass, LLC. 
856 4 0 |u http://proxy.library.tamu.edu/login?url=https://tamu.librarypass.com/product/com.iversecomics.valiant.entertainment.shadowman.2018.nine.english.01112022  |z Connect to this electronic book (First time users create your free account)  |t 0 
955 |a Comics Plus. 
999 f f |s e98a74eb-0966-4bfd-8e8e-c7a8fb358ad7  |i 7faf4580-4d16-47ea-808b-6e4a86b3345e  |t 0 
952 f f |a Texas A&M University  |b College Station  |c Electronic Resources  |d Available Online  |t 0  |h Library of Congress classification 
998 f f |t 0  |l Available Online